<?xml version="1.0" encoding="UTF-8"?>
<record
    xmlns:xsi="http://www.w3.org/2001/XMLSchema-instance"
    xsi:schemaLocation="http://www.loc.gov/MARC21/slim http://www.loc.gov/standards/marcxml/schema/MARC21slim.xsd"
    xmlns="http://www.loc.gov/MARC21/slim">

  <leader>01890nam a22002777a 4500</leader>
  <controlfield tag="001">1301</controlfield>
  <controlfield tag="005">20250530114700.0</controlfield>
  <datafield tag="020" ind1=" " ind2=" ">
    <subfield code="a">9789996305047</subfield>
  </datafield>
  <datafield tag="040" ind1=" " ind2=" ">
    <subfield code="a">FISKH</subfield>
    <subfield code="b">eng</subfield>
    <subfield code="c">FISKH</subfield>
    <subfield code="d">FISKH</subfield>
  </datafield>
  <datafield tag="082" ind1=" " ind2=" ">
    <subfield code="a">398.2</subfield>
  </datafield>
  <datafield tag="100" ind1=" " ind2=" ">
    <subfield code="a">Sumnea, Meng </subfield>
    <subfield code="d">1982-</subfield>
  </datafield>
  <datafield tag="245" ind1=" " ind2=" ">
    <subfield code="a">&#x1796;&#x17D2;&#x179A;&#x17C7;&#x1793;&#x17B6;&#x1784;&#x1794;&#x17D2;&#x179A;&#x17B6;&#x1790;&#x17D2;&#x1793;&#x17B6; / </subfield>
    <subfield code="c">&#x1798;&#x17C9;&#x17C1;&#x1784; &#x179F;&#x17BB;&#x1798;&#x1793;&#x17B6; - &#x179F;&#x17CA;&#x17BC; &#x179F;&#x17BB;&#x1797;&#x17B8; </subfield>
  </datafield>
  <datafield tag="250" ind1=" " ind2=" ">
    <subfield code="a">&#x1794;&#x17C4;&#x17C7;&#x1796;&#x17BB;&#x1798;&#x17D2;&#x1796;&#x179B;&#x17BE;&#x1780;&#x1791;&#x17B8; &#x17E6; &#x1781;&#x17C2;&#x1798;&#x17B7;&#x1790;&#x17BB;&#x1793;&#x17B6; &#x17E2;&#x17E0;&#x17E2;&#x17E1;&#x200B;</subfield>
  </datafield>
  <datafield tag="260" ind1=" " ind2=" ">
    <subfield code="a">Phnom Penh : </subfield>
    <subfield code="b">Sipar, </subfield>
    <subfield code="c">2021. </subfield>
  </datafield>
  <datafield tag="300" ind1=" " ind2=" ">
    <subfield code="a">39 pages : </subfield>
    <subfield code="b">color illustrations ; </subfield>
    <subfield code="c">20 cm </subfield>
  </datafield>
  <datafield tag="490" ind1=" " ind2=" ">
    <subfield code="a">&#x1781;&#x17D2;&#x1789;&#x17BB;&#x17C6;&#x17A2;&#x17B6;&#x1793;&#x1794;&#x17B6;&#x1793; </subfield>
  </datafield>
  <datafield tag="505" ind1=" " ind2=" ">
    <subfield code="a">Y 
</subfield>
  </datafield>
  <datafield tag="520" ind1=" " ind2=" ">
    <subfield code="a">&#x1794;&#x17D2;&#x179A;&#x17B6;&#x1790;&#x17D2;&#x1793;&#x17B6;&#x1787;&#x17B6;&#x1794;&#x17BB;&#x178F;&#x17D2;&#x179A;&#x17B8;&#x179A;&#x1794;&#x179F;&#x17CB;&#x1796;&#x17D2;&#x179A;&#x17C7;&#x179A;&#x17B6;&#x1787;&#x17B6; &#x178F;&#x17C2;&#x1793;&#x17B6;&#x1784;&#x178F;&#x17D2;&#x179A;&#x17BC;&#x179C;&#x179A;&#x179F;&#x17CB;&#x1793;&#x17C5;&#x1799;&#x17C9;&#x17B6;&#x1784;&#x179C;&#x17C1;&#x1791;&#x1793;&#x17B6;&#x1780;&#x17D2;&#x1793;&#x17BB;&#x1784;&#x179A;&#x17C4;&#x1784;&#x1787;&#x17B6;&#x1784;&#x1780;&#x17B6;&#x178F;&#x17CB;&#x178A;&#x17C1;&#x179A; &#x1796;&#x17D2;&#x179A;&#x17C4;&#x17C7;&#x1798;&#x17D2;&#x178A;&#x17B6;&#x1799;&#x1793;&#x17B6;&#x1784;&#x178F;&#x17D2;&#x179A;&#x17BC;&#x179C;&#x1782;&#x17C1;&#x1785;&#x17C4;&#x1791;&#x1790;&#x17B6;&#x1780;&#x17D2;&#x1794;&#x178F;&#x17CB;&#x1785;&#x17B7;&#x178F;&#x17D2;&#x178F;&#x179F;&#x17D2;&#x179C;&#x17B6;&#x1798;&#x17B8;&#x17D4; &#x1782;&#x17D2;&#x1798;&#x17B6;&#x1793;&#x17A2;&#x17D2;&#x1793;&#x1780;&#x178E;&#x17B6;&#x179A;&#x17B6;&#x1794;&#x17CB;&#x179A;&#x1780;&#x1793;&#x17B6;&#x1784;&#x1791;&#x17C1; &#x1798;&#x17B6;&#x1793;&#x178F;&#x17C2;&#x1780;&#x17C2;&#x179C;&#x178A;&#x17C2;&#x179B;&#x1787;&#x17B6;&#x179C;&#x17B7;&#x1789;&#x17D2;&#x1789;&#x17B6;&#x1793;&#x179F;&#x17D2;&#x179A;&#x17D2;&#x178F;&#x17B8;&#x1785;&#x17B7;&#x178F;&#x17D2;&#x178F;&#x179B;&#x17D2;&#x17A2;&#x1798;&#x17D2;&#x1793;&#x17B6;&#x1780;&#x17CB;&#x17D4; &#x17A0;&#x17BE;&#x1799; &#x1794;&#x17D2;&#x179A;&#x17B6;&#x1790;&#x17D2;&#x1793;&#x17B6;&#x1798;&#x17B7;&#x1793;&#x1794;&#x17B6;&#x1793;&#x178A;&#x17B9;&#x1784;&#x1793;&#x17C4;&#x17C7;&#x1791;&#x17C1;&#x1790;&#x17B6;&#x1793;&#x17C4;&#x17C7;&#x1782;&#x17BA;&#x1787;&#x17B6;&#x1798;&#x17D2;&#x178A;&#x17B6;&#x1799;&#x179A;&#x1794;&#x179F;&#x17CB;&#x1781;&#x17D2;&#x179B;&#x17BD;&#x1793;&#x17D4; </subfield>
  </datafield>
  <datafield tag="520" ind1=" " ind2=" ">
    <subfield code="a">Pratna is the king's daughter, but she had to live in misery in a garment factory because her mother was accused of betraying her husband. No one talks or makes friends with her, except Keo, the spirit of a kind woman who Pratna did not know that was her mother.</subfield>
  </datafield>
  <datafield tag="521" ind1=" " ind2=" ">
    <subfield code="a">890 
</subfield>
    <subfield code="b">Lexile estimate 
</subfield>
  </datafield>
  <datafield tag="521" ind1=" " ind2=" ">
    <subfield code="a">Y 
</subfield>
    <subfield code="b">Raz-Plus 
</subfield>
  </datafield>
  <datafield tag="650" ind1=" " ind2=" ">
    <subfield code="a">&#x1799;&#x1780;&#x17D2;&#x179F;&#x200B; </subfield>
    <subfield code="v">&#x1796;&#x17D2;&#x179A;&#x179B;&#x17B9;&#x1784;&#x200B; </subfield>
    <subfield code="x">&#x1785;&#x17C4;&#x1791;&#x1794;&#x17D2;&#x179A;&#x1780;&#x17B6;&#x1793;&#x17CB; </subfield>
  </datafield>
  <datafield tag="650" ind1=" " ind2=" ">
    <subfield code="a">Giant monster </subfield>
    <subfield code="v">Spirit </subfield>
    <subfield code="x">Accuse </subfield>
  </datafield>
  <datafield tag="700" ind1=" " ind2=" ">
    <subfield code="a">Sophy, Sou </subfield>
    <subfield code="c">illustrator </subfield>
  </datafield>
  <datafield tag="942" ind1=" " ind2=" ">
    <subfield code="2">ddc</subfield>
    <subfield code="c">BK</subfield>
    <subfield code="n">0</subfield>
  </datafield>
  <datafield tag="999" ind1=" " ind2=" ">
    <subfield code="c">1301</subfield>
    <subfield code="d">1301</subfield>
  </datafield>
  <datafield tag="952" ind1=" " ind2=" ">
    <subfield code="0">0</subfield>
    <subfield code="1">0</subfield>
    <subfield code="2">ddc</subfield>
    <subfield code="4">0</subfield>
    <subfield code="7">0</subfield>
    <subfield code="8">KH</subfield>
    <subfield code="a">001</subfield>
    <subfield code="b">001</subfield>
    <subfield code="c">KHRS</subfield>
    <subfield code="d">2023-08-11</subfield>
    <subfield code="l">0</subfield>
    <subfield code="o">SUM 398.2</subfield>
    <subfield code="p">2023-0244</subfield>
    <subfield code="r">2023-08-11 15:51:14</subfield>
    <subfield code="t">1</subfield>
    <subfield code="w">2023-08-11</subfield>
    <subfield code="y">KHB</subfield>
  </datafield>
  <datafield tag="952" ind1=" " ind2=" ">
    <subfield code="0">0</subfield>
    <subfield code="1">0</subfield>
    <subfield code="2">ddc</subfield>
    <subfield code="4">0</subfield>
    <subfield code="7">0</subfield>
    <subfield code="8">KH</subfield>
    <subfield code="a">001</subfield>
    <subfield code="b">001</subfield>
    <subfield code="c">KHRS</subfield>
    <subfield code="d">2023-08-11</subfield>
    <subfield code="l">0</subfield>
    <subfield code="o">SUM 398.2</subfield>
    <subfield code="p">2023-0243</subfield>
    <subfield code="r">2023-08-11 15:51:23</subfield>
    <subfield code="t">2</subfield>
    <subfield code="w">2023-08-11</subfield>
    <subfield code="y">KHB</subfield>
  </datafield>
  <datafield tag="952" ind1=" " ind2=" ">
    <subfield code="0">0</subfield>
    <subfield code="1">0</subfield>
    <subfield code="2">ddc</subfield>
    <subfield code="4">0</subfield>
    <subfield code="7">0</subfield>
    <subfield code="8">KH</subfield>
    <subfield code="a">001</subfield>
    <subfield code="b">001</subfield>
    <subfield code="c">KHRS</subfield>
    <subfield code="d">2023-08-11</subfield>
    <subfield code="l">0</subfield>
    <subfield code="o">SUM 398.2</subfield>
    <subfield code="p">2023-0711</subfield>
    <subfield code="r">2023-10-10 08:29:13</subfield>
    <subfield code="t">3</subfield>
    <subfield code="w">2023-08-11</subfield>
    <subfield code="y">KHB</subfield>
  </datafield>
  <datafield tag="952" ind1=" " ind2=" ">
    <subfield code="0">0</subfield>
    <subfield code="1">0</subfield>
    <subfield code="2">ddc</subfield>
    <subfield code="4">0</subfield>
    <subfield code="7">0</subfield>
    <subfield code="8">KH</subfield>
    <subfield code="a">001</subfield>
    <subfield code="b">001</subfield>
    <subfield code="c">KHRS</subfield>
    <subfield code="d">2023-08-11</subfield>
    <subfield code="l">0</subfield>
    <subfield code="o">SUM 398.2</subfield>
    <subfield code="p">FISTK03705</subfield>
    <subfield code="r">2023-10-10 08:30:57</subfield>
    <subfield code="t">4</subfield>
    <subfield code="w">2023-08-11</subfield>
    <subfield code="y">KHB</subfield>
  </datafield>
  <datafield tag="952" ind1=" " ind2=" ">
    <subfield code="0">0</subfield>
    <subfield code="1">0</subfield>
    <subfield code="2">ddc</subfield>
    <subfield code="4">0</subfield>
    <subfield code="7">0</subfield>
    <subfield code="8">KH</subfield>
    <subfield code="a">001</subfield>
    <subfield code="b">001</subfield>
    <subfield code="c">OKHR</subfield>
    <subfield code="d">2024-06-04</subfield>
    <subfield code="l">0</subfield>
    <subfield code="o">SUM 398.2</subfield>
    <subfield code="p">FISTK05116</subfield>
    <subfield code="r">2024-06-04 13:49:12</subfield>
    <subfield code="t">5</subfield>
    <subfield code="w">2024-06-04</subfield>
    <subfield code="y">KHB</subfield>
  </datafield>
  <datafield tag="952" ind1=" " ind2=" ">
    <subfield code="0">0</subfield>
    <subfield code="1">0</subfield>
    <subfield code="2">ddc</subfield>
    <subfield code="4">0</subfield>
    <subfield code="7">0</subfield>
    <subfield code="8">KH</subfield>
    <subfield code="a">002</subfield>
    <subfield code="b">002</subfield>
    <subfield code="c">TTP Khmer</subfield>
    <subfield code="d">2025-03-27</subfield>
    <subfield code="l">0</subfield>
    <subfield code="o">SUM 398.2</subfield>
    <subfield code="p">2025-0849</subfield>
    <subfield code="r">2025-03-27 10:19:05</subfield>
    <subfield code="t">6</subfield>
    <subfield code="w">2025-03-27</subfield>
    <subfield code="y">KHB</subfield>
  </datafield>
  <datafield tag="952" ind1=" " ind2=" ">
    <subfield code="0">0</subfield>
    <subfield code="1">0</subfield>
    <subfield code="2">ddc</subfield>
    <subfield code="4">0</subfield>
    <subfield code="7">0</subfield>
    <subfield code="8">KH</subfield>
    <subfield code="a">002</subfield>
    <subfield code="b">002</subfield>
    <subfield code="c">TTP Khmer</subfield>
    <subfield code="d">2025-04-01</subfield>
    <subfield code="l">2</subfield>
    <subfield code="o">SUM 398.2</subfield>
    <subfield code="p">FISSE02273</subfield>
    <subfield code="r">2026-03-17 08:07:44</subfield>
    <subfield code="s">2026-03-04</subfield>
    <subfield code="t">7</subfield>
    <subfield code="w">2025-04-01</subfield>
    <subfield code="y">KHB</subfield>
  </datafield>
  <datafield tag="952" ind1=" " ind2=" ">
    <subfield code="0">0</subfield>
    <subfield code="1">0</subfield>
    <subfield code="2">ddc</subfield>
    <subfield code="4">0</subfield>
    <subfield code="7">0</subfield>
    <subfield code="8">KH</subfield>
    <subfield code="a">002</subfield>
    <subfield code="b">002</subfield>
    <subfield code="c">SKB</subfield>
    <subfield code="d">2025-04-01</subfield>
    <subfield code="l">1</subfield>
    <subfield code="o">SUM 398.2</subfield>
    <subfield code="p">FISSE02255</subfield>
    <subfield code="r">2025-12-19 15:28:04</subfield>
    <subfield code="s">2025-12-01</subfield>
    <subfield code="t">8</subfield>
    <subfield code="w">2025-04-01</subfield>
    <subfield code="y">KHB</subfield>
  </datafield>
  <datafield tag="952" ind1=" " ind2=" ">
    <subfield code="0">0</subfield>
    <subfield code="1">0</subfield>
    <subfield code="2">ddc</subfield>
    <subfield code="4">0</subfield>
    <subfield code="7">0</subfield>
    <subfield code="8">KH</subfield>
    <subfield code="a">002</subfield>
    <subfield code="b">002</subfield>
    <subfield code="c">SKB</subfield>
    <subfield code="d">2025-04-01</subfield>
    <subfield code="l">0</subfield>
    <subfield code="o">SUM 398.2</subfield>
    <subfield code="p">FIS02410</subfield>
    <subfield code="r">2025-04-01 09:53:24</subfield>
    <subfield code="t">9</subfield>
    <subfield code="w">2025-04-01</subfield>
    <subfield code="y">KHB</subfield>
  </datafield>
  <datafield tag="952" ind1=" " ind2=" ">
    <subfield code="0">0</subfield>
    <subfield code="1">0</subfield>
    <subfield code="2">ddc</subfield>
    <subfield code="4">0</subfield>
    <subfield code="7">0</subfield>
    <subfield code="8">KH</subfield>
    <subfield code="a">002</subfield>
    <subfield code="b">002</subfield>
    <subfield code="c">SKB</subfield>
    <subfield code="d">2025-04-01</subfield>
    <subfield code="l">0</subfield>
    <subfield code="o">SUM 398.2</subfield>
    <subfield code="p">FIS03942</subfield>
    <subfield code="r">2025-04-01 09:53:45</subfield>
    <subfield code="t">10</subfield>
    <subfield code="w">2025-04-01</subfield>
    <subfield code="y">KHB</subfield>
  </datafield>
  <datafield tag="952" ind1=" " ind2=" ">
    <subfield code="0">0</subfield>
    <subfield code="1">0</subfield>
    <subfield code="2">ddc</subfield>
    <subfield code="4">0</subfield>
    <subfield code="7">0</subfield>
    <subfield code="8">KH</subfield>
    <subfield code="a">002</subfield>
    <subfield code="b">002</subfield>
    <subfield code="c">SKB</subfield>
    <subfield code="d">2025-04-01</subfield>
    <subfield code="l">0</subfield>
    <subfield code="o">SUM 398.2</subfield>
    <subfield code="p">FISSE02269</subfield>
    <subfield code="r">2025-04-01 09:54:02</subfield>
    <subfield code="t">11</subfield>
    <subfield code="w">2025-04-01</subfield>
    <subfield code="y">KHB</subfield>
  </datafield>
  <datafield tag="952" ind1=" " ind2=" ">
    <subfield code="0">0</subfield>
    <subfield code="1">0</subfield>
    <subfield code="2">ddc</subfield>
    <subfield code="4">0</subfield>
    <subfield code="7">0</subfield>
    <subfield code="8">KH</subfield>
    <subfield code="a">002</subfield>
    <subfield code="b">002</subfield>
    <subfield code="c">SKB</subfield>
    <subfield code="d">2025-04-01</subfield>
    <subfield code="l">0</subfield>
    <subfield code="o">SUM 398.2</subfield>
    <subfield code="p">FIS02447</subfield>
    <subfield code="r">2025-04-01 09:54:58</subfield>
    <subfield code="t">12</subfield>
    <subfield code="w">2025-04-01</subfield>
    <subfield code="y">KHB</subfield>
  </datafield>
  <datafield tag="952" ind1=" " ind2=" ">
    <subfield code="0">0</subfield>
    <subfield code="1">0</subfield>
    <subfield code="2">ddc</subfield>
    <subfield code="4">0</subfield>
    <subfield code="7">0</subfield>
    <subfield code="8">KH</subfield>
    <subfield code="a">002</subfield>
    <subfield code="b">002</subfield>
    <subfield code="c">TTP Khmer</subfield>
    <subfield code="d">2025-04-01</subfield>
    <subfield code="l">0</subfield>
    <subfield code="o">SUM 398.2</subfield>
    <subfield code="p">FISSE01551</subfield>
    <subfield code="r">2025-04-01 09:55:40</subfield>
    <subfield code="t">13</subfield>
    <subfield code="w">2025-04-01</subfield>
    <subfield code="y">KHB</subfield>
  </datafield>
  <datafield tag="952" ind1=" " ind2=" ">
    <subfield code="0">0</subfield>
    <subfield code="1">0</subfield>
    <subfield code="2">ddc</subfield>
    <subfield code="4">0</subfield>
    <subfield code="7">0</subfield>
    <subfield code="8">KH</subfield>
    <subfield code="a">002</subfield>
    <subfield code="b">001</subfield>
    <subfield code="c">TTP Khmer</subfield>
    <subfield code="d">2025-04-01</subfield>
    <subfield code="l">1</subfield>
    <subfield code="m">1</subfield>
    <subfield code="o">SUM 398.2</subfield>
    <subfield code="p">FISSE00889</subfield>
    <subfield code="r">2025-12-01 10:13:49</subfield>
    <subfield code="s">2025-11-10</subfield>
    <subfield code="t">14</subfield>
    <subfield code="w">2025-04-01</subfield>
    <subfield code="y">KHB</subfield>
  </datafield>
</record>
